Statistiques concernant Religion : la fête de la Pentecôte

Cliquez ici pour prendre le quiz!

Statistiques générales

  • Ce quiz a été pris 81 fois
  • Le résultat moyen est 9 sur 16

Statistiques - réponses

QuestionsRéponses% Correct
Nombre de jours séparant la Fête de Pâques de la Fête de la Pentecôte (d'où le nom de Pentecôte).Cinquante jours
93%
Nombre de jours séparant la Fête de l'Ascension de la Fête de la Pentecôte.Dix jours
93%
Jour (de la semaine) qui est férié dans de nombreux pays au lendemain de la fête de Pentecôte.Le Lundi
87%
Personne ou Hypostase du Dieu unique qui S'est manifesté durant la Pentecôte.L'Esprit saint
84%
Livre du Nouveau Testament qui relate l'épisode de la Pentecôte.Les Actes des Apôtres
64%
Gouvernement français qui décida en 2004 de faire du jour précédent un jour non chômé et le baptisa "journée de solidarité envers les personnes âgées et handicapées" (nom du Premier ministre).Jean-Pierre Raffarin
59%
Ville dans laquelle se trouvait ce même lieu.Jérusalem
59%
Personnes (au nombre de cent-vingt environ) qui reçurent cette Inspiration divine.Les disciples de Jésus Christ
59%
Fleur dont les pétales sont traditionnellement lancés sur les fidèles pendant le chant de la séquence grégorienne Veni Sancte Spiritus que comporte la messe chantée à la fête de la Pentecôte.La rose
58%
Apôtre dont le discours annonce la venue d'un "peuple de prophètes" et a conduit 3 000 juifs pieux au baptême.Saint Pierre
57%
La Pentecôte est le troisième mystère _______ du Rosaire.Glorieux
46%
Compositeur français du XXe siècle dont l'une des œuvres majeures pour orgues est la "Messe de la Pentecôte".Olivier Messiaen
45%
Tragédie de William Shakespeare dans laquelle on retrouve cette réplique : "C’était à la noce de Lucentio. — Vienne la Pentecôte aussi vite qu’elle voudra, — il y aura de cela quelque vingt-cinq ans ; et cette fois nous étions masqués."Roméo et Juliette
38%
Nom donné à la veille du jour de la Pentecôte qui est jeûnée dans la tradition catholique, tout comme le carême.La vigile de la Pentecôte
32%
Lieu où Jésus Christ avait célébré la Cène avec les précédents et où par la suite, ceux-ci ont reçu l'Inspiration divine de la Pentecôte.Le Cénacle
29%
La Pentecôte est la troisième des cinq fêtes ________ de l'année liturgique catholique.Cardinales
19%

Distribution des résultats

Percentile par nombre de réponses

% des personnes avec chaque résultat

Votre développement - résultats

Vous n’avez pas pris ce quiz